000 00752nam a2200241Ia 4500
005 20260430150341.0
008 008 250103s9999 xx 000 0 eng d
037 _aTheses
040 _aCRL
040 _beng
040 _ceng
041 _2eng
041 _aeng
084 _qCRL
100 _aTiwari Ruby Au.; Kaur Jagreet Gu.; Rajam M.V. Gu.; Singh Ajay Kumar Gu.
_91237226
245 0 _aRNAi-Mediated Silencing of DISI and PARP Genes for Engineering Drought and Heat Stress Tolerance in Soybean (Glycine max)
260 _c2022
300 _a194p.
650 _aGenetics
700 _aUniversity of Delhi. Faculty of Inter- Disciplinary & Applied Science. Deptt. of Genetics
_91237227
942 _cTH
999 _c1849576
_d1849576